000 00353nam a2200133Ia 4500
008 231129s1988||||xx |||||||||||||| ||spa||
040 _bspa
082 _a860.3 Z93p
100 _aZuleta Ignacio
245 0 _aLa polemica modernista : El modernismo de mar a mar (1898-1907)
260 _c1988
264 _aInstituto Caro y Cuervo
942 _2ddc
_cBKS
999 _c17962
_d17962